[Event "msr26ss"]
[Site "?"]
[Date "2026.03.26"]
[Round "4.20"]
[White "Durovska, Miriam"]
[Black "Jancovicova, Tamara"]
[Result "0-1"]
[BlackElo "1739"]
[WhiteElo "1446"]
[LiveChessVersion "1.4.8"]

1. c4 {[%clk 0:10:01]} e5 {[%clk 0:10:02]} 2. Nc3 {[%clk 0:10:02]} Nf6
{[%clk 0:10:00]} 3. g3 {[%clk 0:10:03]} Nc6 {[%clk 0:09:43]} 4. Bg2
{[%clk 0:10:04]} d6 {[%clk 0:09:42]} 5. e3 {[%clk 0:10:00]} Bd7 {[%clk 0:09:43]}
6. Nge2 {[%clk 0:10:01]} Be7 {[%clk 0:09:42]} 7. O-O {[%clk 0:10:01]} O-O
{[%clk 0:09:40]} 8. a3 {[%clk 0:09:58]} Qc8 {[%clk 0:09:40]} 9. d4
{[%clk 0:09:52]} Rb8 {[%clk 0:07:54]} 10. Re1 {[%clk 0:09:38]} Nd8
{[%clk 0:06:00]} 11. b4 {[%clk 0:09:30]} c6 {[%clk 0:05:40]} 12. Bb2
{[%clk 0:09:08]} Be6 {[%clk 0:05:15]} 13. dxe5 {[%clk 0:07:32]} dxe5
{[%clk 0:05:11]} 14. c5 {[%clk 0:07:21]} Bd7 {[%clk 0:04:27]} 15. f4
{[%clk 0:06:03]} exf4 {[%clk 0:04:16]} 16. exf4 {[%clk 0:05:52]} Re8
{[%clk 0:03:38]} 17. Nd4 {[%clk 0:04:50]} Ne6 {[%clk 0:03:31]} 18. Qd3
{[%clk 0:03:57]} Nxd4 {[%clk 0:03:10]} 19. Qxd4 {[%clk 0:03:53]} Bh3
{[%clk 0:02:41]} 20. Bf3 {[%clk 0:03:33]} Qc7 {[%clk 0:02:28]} 21. Nd1
{[%clk 0:03:12]} Rbd8 {[%clk 0:02:27]} 22. Qc3 {[%clk 0:02:49]} Bf8
{[%clk 0:01:53]} 23. Nf2 {[%clk 0:02:39]} Be6 {[%clk 0:01:42]} 24. Qc1
{[%clk 0:01:51]} Rd7 {[%clk 0:01:11]} 25. h3 {[%clk 0:01:49]} Red8
{[%clk 0:01:12]} 26. Kg2 {[%clk 0:01:07]} Bd5 {[%clk 0:01:04]} 27. Qe3
{[%clk 0:00:41]} Bxf3+ {[%clk 0:01:03]} 28. Kxf3 {[%clk 0:00:35]} Nd5
{[%clk 0:00:47]} 29. Qe2 {[%clk 0:00:10]} Nf6 {[%clk 0:00:41]} 30. Nh1
{[%clk 0:00:04]} Rd3+ {[%clk 0:00:40]} 31. Kf2 {[%clk 0:00:04]} Rd2
{[%clk 0:00:40]} 32. Qxd2 {[%clk 0:10:02]} 0-1

[Event "msr26ss"]
[Site "?"]
[Date "2026.03.26"]
[Round "4.21"]
[White "Elias, David"]
[Black "Otahal, Kristian"]
[Result "1-0"]
[BlackElo "1673"]
[WhiteElo "2284"]
[LiveChessVersion "1.4.8"]

1. d4 {[%clk 0:10:02]} Nf6 {[%clk 0:10:03]} 2. Nc3 {[%clk 0:10:03]} d5
{[%clk 0:10:02]} 3. Bf4 {[%clk 0:10:04]} c6 {[%clk 0:10:03]} 4. Nf3
{[%clk 0:09:56]} Bf5 {[%clk 0:09:36]} 5. e3 {[%clk 0:09:36]} e6 {[%clk 0:09:12]}
6. Be2 {[%clk 0:09:26]} Be7 {[%clk 0:09:03]} 7. O-O {[%clk 0:09:21]} O-O
{[%clk 0:09:03]} 8. Nh4 {[%clk 0:09:21]} Nbd7 {[%clk 0:08:28]} 9. Nxf5
{[%clk 0:09:19]} exf5 {[%clk 0:08:28]} 10. Qd3 {[%clk 0:08:53]} Qb6
{[%clk 0:07:56]} 11. b3 {[%clk 0:08:14]} c5 {[%clk 0:07:50]} 12. Qxf5
{[%clk 0:06:50]} cxd4 {[%clk 0:07:36]} 13. Nxd5 {[%clk 0:06:48]} Nxd5
{[%clk 0:07:25]} 14. Qxd5 {[%clk 0:06:47]} Nf6 {[%clk 0:07:00]} 15. Qxd4
{[%clk 0:06:46]} Bc5 {[%clk 0:06:30]} 16. Qb2 {[%clk 0:06:28]} Rfd8
{[%clk 0:05:53]} 17. Rad1 {[%clk 0:06:20]} Rxd1 {[%clk 0:05:05]} 18. Rxd1
{[%clk 0:06:20]} Rc8 {[%clk 0:05:02]} 19. Be5 {[%clk 0:06:02]} Rc6
{[%clk 0:04:41]} 20. Bf3 {[%clk 0:05:32]} Re6 {[%clk 0:04:20]} 21. Bd4
{[%clk 0:05:22]} Bxd4 {[%clk 0:04:11]} 22. Qxd4 {[%clk 0:05:21]} Qa6 23. Bd5
{[%clk 0:04:15]} Nxd5 {[%clk 0:03:11]} 24. Qxd5 {[%clk 0:04:14]} Re8
{[%clk 0:03:09]} 25. Qd7 {[%clk 0:03:57]} Kf8 {[%clk 0:02:50]} 26. Qd6+
{[%clk 0:03:56]} Qxd6 {[%clk 0:02:49]} 27. Rxd6 {[%clk 0:03:56]} Ke7
{[%clk 0:02:46]} 28. Rd2 {[%clk 0:03:56]} Rc8 {[%clk 0:02:42]} 29. f4
{[%clk 0:03:56]} Ke6 {[%clk 0:02:31]} 30. c4 {[%clk 0:03:56]} Rc7
{[%clk 0:02:29]} 31. Kf2 {[%clk 0:03:55]} f5 {[%clk 0:02:24]} 32. Kf3
{[%clk 0:03:54]} Ke7 {[%clk 0:01:55]} 33. g4 {[%clk 0:03:54]} g6 {[%clk 0:01:49]}
34. gxf5 {[%clk 0:03:52]} gxf5 {[%clk 0:01:50]} 35. e4 {[%clk 0:03:53]} fxe4+
{[%clk 0:01:46]} 36. Kxe4 {[%clk 0:03:53]} Kf7 {[%clk 0:01:41]} 37. Kf5
{[%clk 0:03:48]} Rc5+ {[%clk 0:01:39]} 38. Rd5 {[%clk 0:03:48]} Rc7
{[%clk 0:01:37]} 39. h4 {[%clk 0:03:45]} Re7 {[%clk 0:01:29]} 40. h5
{[%clk 0:03:41]} Rc7 {[%clk 0:01:24]} 41. Kg5 {[%clk 0:03:24]} Kg7
{[%clk 0:01:15]} 42. f5 {[%clk 0:03:19]} Rf7 {[%clk 0:01:06]} 43. f6+
{[%clk 0:03:18]} Rxf6 {[%clk 0:00:40]} 44. h6+ {[%clk 0:03:09]} Kf7
{[%clk 0:00:34]} 45. Rd7+ {[%clk 0:03:09]} Ke6 {[%clk 0:00:34]} 46. Rd6+
{[%clk 0:03:09]} Kxd6 {[%clk 0:00:32]} 47. Kxf6 {[%clk 0:03:10]} b6
{[%clk 0:00:31]} 48. Kg7 {[%clk 0:03:10]} Ke7 {[%clk 0:00:29]} 49. Kxh7
{[%clk 0:03:10]} Kf7 {[%clk 0:00:30]} 50. b4 {[%clk 0:03:11]} a6 {[%clk 0:00:27]}
51. c5 {[%clk 0:03:11]} bxc5 {[%clk 0:00:26]} 52. bxc5 {[%clk 0:03:11]} 1-0

[Event "msr26ss"]
[Site "?"]
[Date "2026.03.26"]
[Round "4.22"]
[White "Gondzur, Michal"]
[Black "Sekova, Olivia"]
[Result "0-1"]
[BlackElo "2058"]
[WhiteElo "1647"]
[LiveChessVersion "1.4.8"]

1. e4 {[%clk 0:10:03]} c5 {[%clk 0:10:03]} 2. Nf3 {[%clk 0:10:03]} d6
{[%clk 0:10:04]} 3. d4 {[%clk 0:10:04]} cxd4 {[%clk 0:10:05]} 4. Nxd4
{[%clk 0:10:04]} Nf6 {[%clk 0:10:06]} 5. Nc3 {[%clk 0:10:05]} Nc6
{[%clk 0:10:07]} 6. Be3 {[%clk 0:10:04]} Ng4 {[%clk 0:10:08]} 7. Bb5
{[%clk 0:09:58]} Qc7 {[%clk 0:09:00]} 8. O-O {[%clk 0:09:26]} Bd7
{[%clk 0:08:18]} 9. Nd5 {[%clk 0:09:22]} Qd8 {[%clk 0:08:10]} 10. Bxc6
{[%clk 0:09:08]} bxc6 {[%clk 0:08:09]} 11. Nc3 {[%clk 0:08:37]} g6
{[%clk 0:07:08]} 12. Qf3 {[%clk 0:08:24]} Ne5 {[%clk 0:07:06]} 13. Qe2
{[%clk 0:08:20]} Bg7 {[%clk 0:07:05]} 14. f4 {[%clk 0:07:47]} Ng4
{[%clk 0:07:04]} 15. Nxc6 {[%clk 0:07:47]} Qc8 {[%clk 0:06:37]} 16. Nxa7
{[%clk 0:07:40]} Qb7 {[%clk 0:06:26]} 17. Nd5 {[%clk 0:06:02]} Nxe3
{[%clk 0:06:20]} 18. Qxe3 {[%clk 0:06:02]} Qxa7 {[%clk 0:06:13]} 19. c3
{[%clk 0:05:29]} Qxe3+ {[%clk 0:06:11]} 20. Nxe3 {[%clk 0:05:29]} O-O
{[%clk 0:06:10]} 21. f5 {[%clk 0:05:29]} Rfb8 {[%clk 0:06:08]} 22. Rf2
{[%clk 0:05:02]} Bc6 {[%clk 0:06:03]} 23. fxg6 {[%clk 0:04:52]} hxg6
{[%clk 0:06:04]} 24. Nd5 {[%clk 0:04:53]} Bxd5 {[%clk 0:06:05]} 25. exd5
{[%clk 0:04:54]} Ra5 {[%clk 0:06:03]} 26. Re1 {[%clk 0:04:39]} Kf8
{[%clk 0:06:03]} 27. Ref1 {[%clk 0:04:31]} f5 {[%clk 0:06:01]} 28. g4
{[%clk 0:04:31]} Rxd5 {[%clk 0:06:01]} 29. gxf5 {[%clk 0:04:32]} Rxf5
{[%clk 0:06:02]} 30. Rxf5+ {[%clk 0:04:32]} gxf5 {[%clk 0:06:03]} 31. Rxf5+
{[%clk 0:04:32]} Bf6 {[%clk 0:06:04]} 32. b4 {[%clk 0:04:33]} Kf7
{[%clk 0:06:03]} 33. a4 {[%clk 0:04:28]} Rc8 {[%clk 0:06:00]} 34. b5
{[%clk 0:04:21]} Rxc3 {[%clk 0:05:59]} 35. a5 {[%clk 0:04:21]} Ke6
{[%clk 0:05:55]} 36. Rf1 {[%clk 0:04:08]} Rb3 {[%clk 0:05:55]} 37. Re1+
{[%clk 0:04:01]} Kd5 {[%clk 0:05:54]} 38. b6 {[%clk 0:03:49]} Rb5
{[%clk 0:05:49]} 39. Rd1+ {[%clk 0:03:24]} Bd4+ {[%clk 0:05:49]} 40. Kg2
{[%clk 0:03:14]} Rxa5 {[%clk 0:05:49]} 41. Rb1 {[%clk 0:03:15]} Ra8
{[%clk 0:05:45]} 42. b7 {[%clk 0:03:16]} Rb8 {[%clk 0:05:47]} 43. Kf3
{[%clk 0:03:13]} Kc6 {[%clk 0:05:47]} 44. Ke4 {[%clk 0:03:14]} e5
{[%clk 0:05:48]} 45. h4 {[%clk 0:03:09]} Ba7 {[%clk 0:05:39]} 46. h5
{[%clk 0:03:05]} Rh8 {[%clk 0:05:39]} 47. Kf5 {[%clk 0:02:33]} Rxh5+
{[%clk 0:05:38]} 48. Ke6 {[%clk 0:02:34]} Rh6+ {[%clk 0:05:38]} 49. Ke7
{[%clk 0:02:35]} Rh7+ {[%clk 0:05:37]} 50. Ke6 {[%clk 0:02:36]} Rxb7
{[%clk 0:05:37]} 51. Rc1+ {[%clk 0:02:37]} Bc5 {[%clk 0:05:38]} 52. Ra1
{[%clk 0:02:34]} e4 {[%clk 0:05:38]} 53. Kf5 {[%clk 0:02:31]} e3 {[%clk 0:05:39]}
54. Ke4 {[%clk 0:02:31]} e2 {[%clk 0:05:39]} 55. Kd3 {[%clk 0:02:28]} Re7
{[%clk 0:05:32]} 56. Re1 {[%clk 0:02:18]} Bb4 {[%clk 0:05:33]} 57. Rxe2
{[%clk 0:02:19]} Rxe2 {[%clk 0:05:34]} 58. Kxe2 {[%clk 0:02:19]} Kd5
{[%clk 0:05:36]} 0-1

[Event "msr26ss"]
[Site "?"]
[Date "2026.03.26"]
[Round "4.23"]
[White "Mizanin, Matej"]
[Black "Chladek, Adam"]
[Result "1-0"]
[BlackElo "1539"]
[WhiteElo "1675"]
[LiveChessVersion "1.4.8"]

1. e4 {[%clk 0:10:03]} e5 {[%clk 0:10:02]} 2. Nf3 {[%clk 0:10:03]} Nc6
{[%clk 0:10:02]} 3. d4 {[%clk 0:10:04]} Nxd4 {[%clk 0:09:33]} 4. Nxd4
{[%clk 0:10:03]} exd4 {[%clk 0:09:34]} 5. Qxd4 {[%clk 0:10:04]} Nf6
{[%clk 0:09:31]} 6. e5 {[%clk 0:09:54]} Ng8 {[%clk 0:09:06]} 7. Bc4
{[%clk 0:09:47]} d6 {[%clk 0:09:00]} 8. exd6 {[%clk 0:09:46]} Qxd6
{[%clk 0:08:57]} 9. Be3 {[%clk 0:09:39]} Nf6 {[%clk 0:08:32]} 10. O-O
{[%clk 0:09:22]} Ng4 {[%clk 0:08:01]} 11. g3 {[%clk 0:08:00]} Nxe3
{[%clk 0:07:27]} 12. Qxe3+ {[%clk 0:08:00]} Be7 {[%clk 0:07:27]} 13. Re1
{[%clk 0:07:56]} Be6 {[%clk 0:06:53]} 14. Bxe6 {[%clk 0:07:40]} fxe6
{[%clk 0:06:53]} 15. Qxe6 {[%clk 0:07:27]} Qxe6 {[%clk 0:06:53]} 16. Rxe6
{[%clk 0:07:28]} Kf7 {[%clk 0:06:50]} 17. Re2 {[%clk 0:07:21]} Bf6
{[%clk 0:06:50]} 18. c3 {[%clk 0:07:09]} Rhd8 {[%clk 0:06:49]} 19. Nd2
{[%clk 0:07:10]} Rd7 {[%clk 0:06:46]} 20. Ne4 {[%clk 0:07:09]} Rad8
{[%clk 0:06:27]} 21. Nxf6 {[%clk 0:07:02]} Kxf6 {[%clk 0:06:28]} 22. Rae1
{[%clk 0:06:57]} Kf7 {[%clk 0:06:07]} 23. Kg2 {[%clk 0:06:58]} g5
{[%clk 0:05:56]} 24. Re5 {[%clk 0:06:55]} h6 {[%clk 0:05:55]} 25. Rf5+
{[%clk 0:06:53]} Kg6 {[%clk 0:05:51]} 26. Rfe5 {[%clk 0:06:54]} Kf7
{[%clk 0:05:48]} 27. R5e4 {[%clk 0:06:51]} Rd2 {[%clk 0:05:44]} 28. R1e2
{[%clk 0:06:52]} Rd1 {[%clk 0:05:34]} 29. Re7+ {[%clk 0:06:49]} Kg6
{[%clk 0:05:31]} 30. Rxc7 {[%clk 0:06:14]} Rb8 {[%clk 0:05:22]} 31. Ree7
{[%clk 0:06:07]} Rf8 {[%clk 0:05:00]} 32. Rxb7 {[%clk 0:05:59]} Rd2 33. Rg7+
{[%clk 0:05:57]} Kh5 {[%clk 0:04:59]} 34. Rbf7 {[%clk 0:05:51]} Rc8
{[%clk 0:04:49]} 35. Rb7 {[%clk 0:05:29]} Rf8 {[%clk 0:04:48]} 36. Rgf7
{[%clk 0:05:29]} Rfd8 {[%clk 0:04:46]} 37. h3 {[%clk 0:04:55]} R8d3
{[%clk 0:04:37]} 38. Rf6 {[%clk 0:04:44]} Re2 {[%clk 0:04:09]} 39. g4+
{[%clk 0:04:37]} Kh4 {[%clk 0:04:05]} 40. Rxh6# {[%clk 0:04:34]} 1-0

[Event "msr26ss"]
[Site "?"]
[Date "2026.03.26"]
[Round "4.24"]
[White "Molitorisova, Ester"]
[Black "Knapova, Nicol"]
[Result "0-1"]
[BlackElo "1604"]
[WhiteElo "1000"]
[LiveChessVersion "1.4.8"]

1. e4 {[%clk 0:10:02]} c5 {[%clk 0:10:02]} 2. Nf3 {[%clk 0:10:02]} Nc6
{[%clk 0:10:02]} 3. Nc3 {[%clk 0:10:02]} e6 {[%clk 0:10:02]} 4. b3
{[%clk 0:10:02]} d5 {[%clk 0:10:02]} 5. Bb2 {[%clk 0:10:02]} d4 {[%clk 0:09:40]}
6. Nb5 {[%clk 0:09:51]} a6 {[%clk 0:09:27]} 7. Na3 {[%clk 0:09:45]} Nf6
{[%clk 0:08:56]} 8. d3 {[%clk 0:09:43]} Qa5+ {[%clk 0:07:43]} 9. Qd2
{[%clk 0:09:38]} Qxd2+ {[%clk 0:07:36]} 10. Nxd2 {[%clk 0:09:35]} Nb4
{[%clk 0:07:03]} 11. Kd1 {[%clk 0:09:26]} Ng4 {[%clk 0:06:24]} 12. Rg1
{[%clk 0:09:08]} Nxf2+ {[%clk 0:06:08]} 13. Ke2 Ng4 {[%clk 0:06:00]} 14. c3
{[%clk 0:08:45]} Nc6 {[%clk 0:05:19]} 15. h3 {[%clk 0:08:34]} Nf6 16. cxd4
{[%clk 0:08:28]} Nxd4+ {[%clk 0:04:34]} 17. Bxd4 {[%clk 0:08:21]} cxd4
{[%clk 0:04:34]} 18. Nac4 {[%clk 0:08:13]} b5 {[%clk 0:03:27]} 19. Nb6
{[%clk 0:08:01]} Rb8 {[%clk 0:03:27]} 20. Nxc8 {[%clk 0:07:59]} Rxc8
{[%clk 0:03:27]} 21. e5 {[%clk 0:07:51]} Nd5 {[%clk 0:03:20]} 22. Ne4
{[%clk 0:07:37]} Nc3+ {[%clk 0:03:02]} 23. Kd2 {[%clk 0:07:28]} Nxe4+
{[%clk 0:03:02]} 24. dxe4 {[%clk 0:07:27]} Bb4+ {[%clk 0:02:57]} 25. Kd3
{[%clk 0:07:24]} O-O {[%clk 0:02:47]} 26. Be2 {[%clk 0:06:58]} Bc3
{[%clk 0:02:30]} 27. Rac1 {[%clk 0:06:50]} Rc7 {[%clk 0:02:18]} 28. Rgf1
{[%clk 0:06:22]} Rfc8 {[%clk 0:02:11]} 29. Bh5 {[%clk 0:06:11]} g6
{[%clk 0:02:10]} 30. Bg4 {[%clk 0:05:41]} Bb2 {[%clk 0:02:02]} 31. Rxc7
{[%clk 0:05:34]} Rxc7 {[%clk 0:02:03]} 32. Rf2 {[%clk 0:05:27]} Bc3
{[%clk 0:01:57]} 33. h4 {[%clk 0:05:17]} Kg7 {[%clk 0:01:56]} 34. g3
{[%clk 0:05:16]} a5 {[%clk 0:01:44]} 35. a4 {[%clk 0:05:08]} bxa4
{[%clk 0:01:41]} 36. bxa4 {[%clk 0:05:08]} Rb7 {[%clk 0:01:39]} 37. h5
{[%clk 0:04:56]} Rb4 {[%clk 0:01:32]} 38. Ke2 {[%clk 0:04:35]} Rxa4
{[%clk 0:01:24]} 39. Kf3 {[%clk 0:04:34]} Rb4 {[%clk 0:01:18]} 40. hxg6
{[%clk 0:04:17]} hxg6 {[%clk 0:01:18]} 41. Ra2 {[%clk 0:03:32]} Rb2
{[%clk 0:01:12]} 42. Ra1 {[%clk 0:03:13]} Rf2+ {[%clk 0:01:02]} 43. Kxf2
{[%clk 0:03:04]} Bxa1 {[%clk 0:01:02]} 44. Ke2 {[%clk 0:02:59]} Kh6
{[%clk 0:00:59]} 45. Kd3 {[%clk 0:02:51]} Kg5 {[%clk 0:00:57]} 46. Bd1
{[%clk 0:02:46]} Kh6 {[%clk 0:00:00]} 47. Ba4 {[%clk 0:02:45]} g5
{[%clk 0:01:39]} 48. Be8 {[%clk 0:02:44]} Kg7 {[%clk 0:01:37]} 49. g4
{[%clk 0:02:41]} f6 {[%clk 0:01:34]} 50. exf6+ {[%clk 0:02:40]} Kxf6
{[%clk 0:01:35]} 51. Bd7 {[%clk 0:02:02]} Ke5 {[%clk 0:01:32]} 52. Bc6
{[%clk 0:01:47]} Kf4 {[%clk 0:01:30]} 53. Bd7 {[%clk 0:01:39]} Kxg4
{[%clk 0:01:16]} 54. Bxe6+ {[%clk 0:01:38]} Kf4 {[%clk 0:01:17]} 55. Bd7
{[%clk 0:01:30]} Bc3 {[%clk 0:01:09]} 56. Bc6 {[%clk 0:01:18]} g4
{[%clk 0:01:09]} 57. Kc4 {[%clk 0:00:53]} g3 {[%clk 0:01:08]} 58. Kd5
{[%clk 0:00:51]} g2 {[%clk 0:01:08]} 59. e5 {[%clk 0:00:52]} g1=Q
{[%clk 0:01:06]} 60. e6 {[%clk 0:00:52]} Qg2+ {[%clk 0:01:00]} 61. Kd6
{[%clk 0:00:51]} Bb4+ {[%clk 0:00:50]} 62. Kd7 {[%clk 0:00:47]} Qxc6+ 63. Kxc6
{[%clk 0:00:43]} d3 {[%clk 0:00:40]} 64. e7 {[%clk 0:00:44]} Bxe7
{[%clk 0:00:41]} 65. Kc5 {[%clk 0:00:41]} d2+ {[%clk 0:00:41]} 66. Kc6
{[%clk 0:00:41]} d1=Q {[%clk 0:00:40]} 67. Kb6 {[%clk 0:00:40]} Qc2
{[%clk 0:00:39]} 68. Kxa5 {[%clk 0:00:38]} Qb3 {[%clk 0:00:38]} 69. Ka6
{[%clk 0:00:36]} Qb4 {[%clk 0:00:37]} 70. Ka7 {[%clk 0:00:35]} Qb5
{[%clk 0:00:36]} 71. Ka8 {[%clk 0:00:36]} Qd7 {[%clk 0:00:33]} 72. Kb8
{[%clk 0:00:31]} Bc5 {[%clk 0:00:28]} 73. Ka8 {[%clk 0:00:25]} Qa7#
{[%clk 0:00:29]} 0-1